LEADER 01537nam0 22003251i 450 001 UON00504726 005 20231205105430.486 010 $a978-17-89696-73-8 100 $a20210119d2020 |0itac50 ba 101 $aita 102 $aGB 105 $a|||| ||||| 200 1 $aˆL'‰Egitto dei Flavi$esintesi e prospettive d'indagine alla luce della documentazione papirologica ed epigrafica egiziana$fNikola D. Bellucci e Brunella L. Longo 210 $aOxford$cArchaeopress Publishing$dc2020 215 $aVII, 171 p.$cill.$d24 cm. 410 1$1001UON00505880$12001 $aArchaeopress Roman archaeology$1210 $a Oxford$cArchaeopress Publishing,$v69 606 $aEGITTO GRECO-ROMANO$3UONC098275$2FI 606 $aPAPIROLOGIA$3UONC026604$2FI 620 $aGB$dOxford$3UONL000029 676 $a932$cEgittologia / Storia dell'egitto antico fino al 640$v21 700 1$aBELLUCCI$bNikola D.$3UONV285508$0824991 701 1$aLONGO$bBrunella L.$3UONV285509$0145363 712 $aArchaeopress$3UONV252460$4650 801 $aIT$bSOL$c20250627$gRICA 899 $aSIBA - SISTEMA BIBLIOTECARIO DI ATENEO$2UONSI 912 $aUON00504726 950 $aSIBA - SISTEMA BIBLIOTECARIO DI ATENEO$dSI I b 084 $eSI 37267 5 084 951 $aSIBA - SISTEMA BIBLIOTECARIO DI ATENEO$bSI2021548 1J 20210119DDT 6141 del 13/7/2021 996 $aEgitto dei Flavi$91835099 997 $aUNIOR LEADER 01727oas 2200565 a 450 001 9910626165503321 005 20250713213019.0 011 $a2332-6476 035 $a(OCoLC)61855994 035 $a(CONSER) 2005262215 035 $a(CKB)991042754000648 035 $a(EXLCZ)99991042754000648 100 $a20051007a19uu9999 sy a 101 0 $aeng 135 $aurcn||||||||| 181 $ctxt$2rdacontent 182 $cc$2rdamedia 183 $acr$2rdacarrier 200 10$aProceedings of the ... International Workshop on Research Issues in Data Engineering 210 $a[Los Alamitos, Calif.] $c[IEEE Computer Society Press] 300 $aEach conference covers a specific conference theme. 311 08$a1097-8585 517 3 $aInternational Workshop on Research Issues in Data Engineering 517 3 $aResearch Issues in Data Engineering 517 1 $aRIDE 531 0 $aProc. Int. Workshop Res. Issues Data Eng. 606 $aDatabase management$vCongresses 606 $aDatabase management$2fast$3(OCoLC)fst00888037 608 $aConference papers and proceedings.$2fast 615 0$aDatabase management 615 7$aDatabase management. 676 $a005 712 02$aIEEE Computer Society.$bTechnical Committee on Data Engineering. 801 0$bCGU 801 1$bCGU 801 2$bCGU 801 2$bOCLCQ 801 2$bDLC 801 2$bOCLCF 801 2$bOCL 801 2$bOCLCO 801 2$bOCLCQ 801 2$bDLC 801 2$bU3W 801 2$bOCLCQ 801 2$bOCLCL 906 $aCONFERENCE 912 $a9910626165503321 996 $aProceedings of the ... International Workshop on Research Issues in Data Engineering$92963121 997 $aUNINA